000 00709 a2200193 4500
003 Nust
005 20230504090607.0
020 _a1860644171
040 _cNust
082 _a958.1,RAS
100 _aRashid, Ahmed
_990631
245 _aTaliban: Islam, Oil and the new Great Game in Central Asia /
_cAhmed Rashid
260 _aNew York
_bI.B.Tauris & Co Ltd
_c2000
300 _a274p.
505 _aIntroduction: Afghanistan's Holy Warriors (Page-1), Part I: History of the Taliban Movement (Page-17), Part II: Islam and the Taliban (Page-82), Part III: The new great Game (Page-143), Conclusion (Page-207).
600 _aAhmed Rashid
_9342
650 _aTaliban
_9111763
942 _2ddc
_cBK
_k958.1,RAS
999 _c187124
_d187124